WNBA First Picks depuis 2000 - Statistiques

Statistiques générales
  • Ce quiz a été pris 6 fois
  • Le résultat moyen est 9 sur 27
Statistiques - réponses
Hint Réponse % Correct
2026 Azzi Fudd
100%
2024 Caitlin Clark
100%
2025 Paige Bueckers
100%
2004 Diana Taurasi
75%
2011 Maya Moore
75%
2002 Sue Bird
75%
2018 A'ja Wilson
50%
2023 Aliyah Boston
50%
2016 Breanna Stewart
50%
2017 Kelsey Plum
50%
2020 Sabrina Ionescu
50%
2008 Candace Parker
25%
2019 Jackie Young
25%
2010 Tina Charles
25%
2009 Angel McCoughtry
0%
2000 Ann Wauters
0%
2013 Brittney Griner
0%
2021 Charli Collier
0%
2014 Chiney Ogwumike
0%
2005 Janel McCarville
0%
2015 Jewell Loyd
0%
2003 LaToya Thomas
0%
2001 Lauren Jackson
0%
2007 Lindsey Harding
0%
2012 Nneka Ogwumike
0%
2022 Rhyne Howard
0%
2006 Seimone Augustus
0%
Aucun quiz correspondant
Distribution des résultats
% des personnes avec chaque résultat
Percentile par nombre de réponses
Votre historique - résultats
Vous n’avez pas pris ce quiz